Normal view
MARC view
- الزراع ، نايف عابد/ م مشارك يحيى فوزي عبيدات
Entry Personal Name
001 - CONTROL NUMBER
- control field: 42953
003 - CONTROL NUMBER IDENTIFIER
- control field: JO-AjAnu
005 - DATE AND TIME OF LATEST TRANSACTION
- control field: 20230606081125.0
008 - FIXED-LENGTH DATA ELEMENTS
- fixed length control field: 230606|| aca||aabn | a|a d
040 ## - CATALOGING SOURCE
- Original cataloging agency: JO-AjAnu
- Transcribing agency: JO-AjAnu
100 ## - HEADING--PERSONAL NAME
- Personal name: الزراع ، نايف عابد/ م مشارك يحيى فوزي عبيدات
670 ## - SOURCE DATA FOUND
- Source citation: Work cat.: (JO-AjAnu)21998: الزراع ، نايف عابد/ م مشارك يحيى فوزي عبيدات, author, الطلاب ذوو اضطرابات طيف التوحد ممارسة التدريس الفعالة=Students With AUTISMsPECTRUM Disorders